Liste des noms de Pokémon finissant par T - Statistiques

Statistiques générales
  • Ce quiz a été pris 63 fois
  • Le résultat moyen est 17 sur 48
Statistiques - réponses
Pokémon % Correct
Dimoret
76%
Farfuret
71%
Anchwatt
57%
Grainipiot
57%
Ponchiot
57%
Chamallot
52%
Créfollet
52%
Diamat
52%
Aspicot
48%
Camérupt
48%
Créfadet
48%
Gaulet
48%
Tiboudet
48%
Wattouat
48%
Groret
43%
Monaflèmit
43%
Nénupiot
43%
Rocabot
43%
Doudouvet
38%
Griknot
38%
Osselait
38%
Debugant
33%
Dynavolt
33%
Farfaduvet
33%
Gamblast
33%
Parasect
33%
Pâtachiot
33%
Ymphect
33%
Berserkatt
29%
Bibichut
29%
Coconfort
29%
Embrochet
29%
Feu-Perçant
29%
Gourmelet
29%
Avaltout
24%
Floréclat
24%
Genesect
24%
Germéclat
24%
Hoothoot
24%
Lançargot
24%
Élecsprint
19%
Mustéflott
19%
Mygavolt
19%
Poltchageist
19%
Polthégeist
19%
Picassaut
14%
Pyrobut
14%
Virovent
14%
Aucun quiz correspondant
Distribution des résultats
% des personnes avec chaque résultat
Percentile par nombre de réponses
Votre historique - résultats
Vous n’avez pas pris ce quiz